000 00562nam a2200181 i 4500
001 78331
003 ES-MaACL
005 20251130063153.0
007 t|
008 041013s1917 fr ||||1| fre d
100 1 _aHardy, Georges,
_d1884-1972
_961829
245 1 4 _aUne conquete morale
_b: l'enseignement en A.O.F. /
_cGeorges Hardy ; preface de M.J. Clozel.
260 _a[S.l. :
_bs.n.,
_c1917] (
_eChartres :
_fDurand)
300 _aXI, 356 p. ;
_c20 cm.
700 1 _aClozel, M. J.
_939312
852 _aES-MaACL
_jF-4089
999 _c78331
_d78331